[Event "30th Balaton GM"]
[Site "Heviz HUN"]
[Date "2012.09.29"]
[Round "7.4"]
[White "Tate,A"]
[Black "Horvath,Ad1"]
[Result "0-1"]
[WhiteElo "2314"]
[BlackElo "2495"]

1.e4 c5 2.Nf3 e6 3.d4 cxd4 4.Nxd4 Nc6 5.Nc3 Qc7 6.f4 d6 7.Be3 a6 8.Qf3 Nxd4
9.Bxd4 Ne7 10.Qf2 b5 11.O-O-O Bd7 12.e5 d5 13.Bb6 Qb7 14.Bc5 b4 15.Ne2 Rc8
16.Bd6 Nc6 17.Bxf8 Rxf8 18.Kb1 a5 19.g4 a4 20.Nc1 Na7 21.Qd2 Qb6 22.Be2 a3
23.b3 Qc7 24.Ba6 Rb8 25.Ne2 g5 26.Rhe1 gxf4 27.Nxf4 Bb5 28.Nxd5 exd5 29.e6 Qc3
30.exf7+ Kxf7 31.Qxd5+ Kg7 32.Re7+ Kh8 33.Rxh7+ Kxh7 34.Qe4+ Kh8  0-1

[Event "TCh-Moscow 2012"]
[Site "Moscow RUS"]
[Date "2012.09.29"]
[Round "3.1"]
[White "Eliseev,U"]
[Black "Dubov,Danii"]
[Result "1/2-1/2"]
[WhiteElo "2490"]
[BlackElo "2603"]

1.e4 c5 2.Nf3 e6 3.d4 cxd4 4.Nxd4 Nc6 5.Nc3 a6 6.Nxc6 bxc6 7.e5 Qc7 8.Bf4 Ne7
9.Bd3 Ng6 10.Bxg6 hxg6 11.O-O c5 12.Qe2 f5 13.Rad1 Rb8 14.Qf3 Rxb2 15.Qg3 Kf7
16.Rd2 Qc6 17.a3 c4 18.a4 Bb4 19.Rfd1 Rf8 20.h4 Rh8 21.Bg5 Bc5 22.Kh2 Rb4
23.Kg1 Kg8 24.Be3 Bf8 25.Rd4 Rb2 26.R1d2 Kf7 27.Kh2 Rh5 28.Bg5 Rb4 29.Rd1 Bc5
30.R4d2 Kg8 31.Kg1 Rb2 32.Be3 Kh7 33.Ne2 c3 34.Rd3 Rxc2 35.Nf4 Rh6 36.Qg5 Bxe3
37.Rxe3 Rd2 38.Rf1 Qc5 39.h5 c2 40.Rc3 Qxc3 41.hxg6+ Rxg6 42.Qxg6+ Kg8 43.Qe8+ Kh7
44.Qg6+ Kg8 45.Qe8+ Kh7 46.Ng6 c1=Q 47.Nf8+ Kg8 48.Ng6+ Kh7 49.Nf8+ Kg8 50.Nxe6+ Kh7
51.Nf8+ Kg8 52.Ng6+  1/2-1/2

[Event "Oslo GM Open 2012"]
[Site "Oslo NOR"]
[Date "2012.09.30"]
[Round "4.11"]
[White "Schut,L"]
[Black "Devereaux,M"]
[Result "1-0"]
[WhiteElo "2267"]
[BlackElo "2385"]

1.e4 c5 2.Nf3 Nc6 3.d4 cxd4 4.Nxd4 e6 5.Nc3 Qc7 6.Be3 a6 7.Qd2 Nf6 8.O-O-O Bb4
9.f3 Ne5 10.Kb1 Nc4 11.Bxc4 Qxc4 12.Nb3 b5 13.a3 Bxc3 14.bxc3 a5 15.Bc5 d5
16.exd5 a4 17.dxe6 fxe6 18.Qd8+ Kf7 19.Qc7+ Kg6 20.Nd2 Qh4 21.Ne4 Nxe4 22.fxe4 h6
23.Rd3 Kh7 24.Rg3 Rg8 25.Bd4 e5 26.Qxe5 Bg4 27.h3 h5 28.hxg4 Qxh1+ 29.Kb2 Ra6
30.Qf5+ Kh8 31.Rh3 Qxh3 32.gxh3 Rd8 33.Qg5  1-0

[Event "Oslo GM Open 2012"]
[Site "Oslo NOR"]
[Date "2012.09.30"]
[Round "7.18"]
[White "Ben Porat,O"]
[Black "Bjerke,R"]
[Result "1-0"]
[WhiteElo "2175"]
[BlackElo "2134"]

1.e4 c5 2.Nf3 e6 3.Nc3 Nc6 4.d4 cxd4 5.Nxd4 Qc7 6.Be2 a6 7.O-O Nf6 8.a3 Be7
9.Nxc6 bxc6 10.f4 d5 11.Bf3 O-O 12.Qe1 Rb8 13.b3 d4 14.Na4 c5 15.Nb2 Bb7
16.Nc4 Bc6 17.a4 Rfd8 18.Qe2 d3 19.cxd3 Rxb3 20.Rd1 Ne8 21.Qc2 Rdb8 22.Be3 Bf6
23.e5 Bxf3 24.gxf3 Be7 25.Kg2 Qd7 26.Rdb1 R3b4 27.a5 Qb5 28.Nb6 Rd8 29.Rxb4 cxb4
30.Qc4 Qxc4 31.dxc4 Rd3 32.Kf2 Ra3 33.Rd1 Ra2+ 34.Kg3 g6 35.Rd7 Ng7 36.Rb7 Nf5+
37.Kh3 Rxa5 38.Bd2 Ra2 39.Be1 Re2 40.Nc8 Bf8 41.Bh4 Nxh4 42.Kxh4 Rxh2+ 43.Kg5 Rd2
44.Kf6 Rd4 45.f5 Bg7+ 46.Ke7 gxf5 47.Nd6 Bxe5 48.Nxf7 Bf4 49.Rxb4 Kg7 50.Kxe6 Bd2
51.Rb7 Kg6 52.c5 Bf4 53.Rb1 h6 54.Rg1+ Kh7 55.Kf6 Bg5+ 56.Nxg5+ hxg5 57.Rc1 g4
58.c6 Rd8 59.c7 Rc8 60.f4 g3 61.Ke6 g2 62.Kd7 Rg8 63.Rg1 Rg7+ 64.Kc6 Rg6+
65.Kb7 Rg7 66.Kb8  1-0

[Event "21st TCh-CRO 1a 2012"]
[Site "Sibenik CRO"]
[Date "2012.09.30"]
[Round "8.44"]
[White "Fercec,N"]
[Black "Bilobrk,F"]
[Result "1-0"]
[WhiteElo "2469"]
[BlackElo "2381"]

1.e4 c5 2.Nf3 e6 3.d4 cxd4 4.Nxd4 Nc6 5.Nc3 Qc7 6.Be3 a6 7.Qd2 Nf6 8.O-O-O Bb4
9.f3 Ne5 10.Nb3 b5 11.Qf2 Be7 12.g4 d6 13.g5 Nfd7 14.Rg1 Bb7 15.f4 b4 16.Ne2 Bxe4
17.Ned4 Nc4 18.Bxc4 Qxc4 19.Nd2 Qd5 20.Nxe4 Qxe4 21.f5 O-O 22.f6 Bd8 23.fxg7 Re8
24.Rdf1 f5 25.gxf6 Bxf6 26.Bh6 Re7 27.Rg3 Rc8 28.Kb1 Rf7 29.Rf3 Qg6 30.Be3 Re8
31.b3 Qh5 32.Qd2 a5 33.Qd3 Kxg7 34.Nb5 Ne5 35.Rg3+ Ng6 36.Nxd6 Rd8 37.Rxf6 Rxf6
38.Bg5 Rdf8 39.Bxf6+ Kxf6 40.Ne4+ Kg7 41.Ng5 Kg8 42.Nxe6 Re8 43.Qd7  1-0

[Event "Tatry Open 2012"]
[Site "Tatranske Zruby SVK"]
[Date "2012.09.30"]
[Round "9.33"]
[White "Nguyen,Thai Dai Van"]
[Black "Siwek,A"]
[Result "1-0"]
[WhiteElo "2069"]
[BlackElo "1923"]

1.e4 c5 2.Nf3 e6 3.d4 cxd4 4.Nxd4 Nc6 5.Nc3 Qc7 6.Be2 a6 7.O-O Nf6 8.Be3 Bb4
9.Na4 Ne5 10.a3 Be7 11.f4 Nc6 12.Nc3 d6 13.Bf3 Na5 14.Qd3 Bd7 15.Rae1 Rc8
16.e5 dxe5 17.fxe5 Qxe5 18.b4 Qc7 19.bxa5 Qxc3 20.Bxb7 Qxd3 21.cxd3 Rc3 22.Bxa6 Rxa3
23.Ra1 Ng4 24.Rxa3 Bxa3 25.Rb1 O-O 26.Nc2 Nxe3 27.Nxa3 g6 28.Bb7 Nd5 29.a6 Nc7
30.a7 Kg7 31.Nc4  1-0

[Event "Tatry Open 2012"]
[Site "Tatranske Zruby SVK"]
[Date "2012.09.30"]
[Round "9.1"]
[White "Berezjuk,S"]
[Black "Vyskocil,N"]
[Result "1/2-1/2"]
[WhiteElo "2366"]
[BlackElo "2368"]

1.e4 c5 2.Nf3 e6 3.d4 cxd4 4.Nxd4 Nc6 5.Nc3 Qc7 6.Be2 a6 7.Be3 Nf6 8.O-O Be7
9.f4 d6 10.Kh1 O-O 11.a4 Re8 12.Bf3 Bf8 13.Nb3 b6 14.a5  1/2-1/2

[Event "30th Balaton GM"]
[Site "Heviz HUN"]
[Date "2012.10.01"]
[Round "9.5"]
[White "Ashwin,J"]
[Black "Horvath,Ad1"]
[Result "0-1"]
[WhiteElo "2473"]
[BlackElo "2495"]

1.e4 c5 2.Nf3 e6 3.d4 cxd4 4.Nxd4 Nc6 5.Nc3 Qc7 6.f4 Nxd4 7.Qxd4 a6 8.Be3 b5
9.O-O-O Bb7 10.Bd3 Rc8 11.Kb1 Qc5 12.Rhe1 Qxd4 13.Bxd4 Ne7 14.Be3 f6 15.a4 b4
16.Na2 Nc6 17.Nc1 Na5 18.Nb3 Nxb3 19.cxb3 Bc5 20.Bxc5 Rxc5 21.Rc1 Rxc1+ 22.Rxc1 Ke7
23.Rc4 a5 24.Rc5 Ra8 25.g3 Kd6 26.Rh5 h6 27.g4 g5 28.Kc1 gxf4 29.h3 e5 30.Rxh6 Kc5
31.Kd2 Rf8 32.h4 Rg8 33.Be2 Bxe4 34.Rxf6 f3 35.Bxf3 Bxf3 36.Rxf3 Rxg4 37.Rh3 Rg6
38.h5 Rh6 39.Ke3 d5 40.Rh1 Kd6 41.Kf3 Ke6 42.Kg4 d4 43.Kg5 Rh8 44.h6 Rg8+
45.Kh5 Kf5 46.Rf1+ Ke4 47.Re1+ Kd5 48.h7 Rh8 49.Kg6 Rxh7 50.Kxh7 d3 51.Kg6 e4
52.Kf5 d2 53.Rxe4 d1=Q 54.Re5+ Kd4 55.Re4+ Kd3 56.Re5 Qh5+ 57.Ke6 Qxe5+ 58.Kxe5 Kc2
59.Kd4 Kxb3 60.Kc5 Kxb2 61.Kb5 Kc3 62.Kxa5 b3 63.Ka6 b2 64.a5 b1=Q 65.Ka7 Qb5
66.a6 Kc4  0-1

[Event "TATA 50th ch-IND National Premier"]
[Site "Kolkata IND"]
[Date "2012.10.01"]
[Round "1.13"]
[White "Shashikant,K"]
[Black "Swapnil,SD"]
[Result "0-1"]
[WhiteElo "2307"]
[BlackElo "2459"]

1.e4 c5 2.Nf3 e6 3.d4 cxd4 4.Nxd4 Nc6 5.Nc3 Qc7 6.Be2 a6 7.O-O Nf6 8.Be3 Bb4
9.Na4 O-O 10.Nxc6 bxc6 11.Nb6 Rb8 12.Nxc8 Rfxc8 13.Bxa6 Rf8 14.Bd3 Bd6 15.g3 Be5
16.a4 Bxb2 17.Ra2 Bc3 18.a5 Bxa5 19.Bc5 d6 20.e5 dxc5 21.exf6 g6 22.Qf3 Rfd8
23.Qe3 Bc3 24.Qxc5 Bxf6 25.Ra6 Rd6 26.Kg2 Bd4 27.Qc4 c5 28.Rxd6 Qxd6 29.c3 Bf6
30.Re1 Rb2 31.Re3 Kg7 32.Rf3 Qe5 33.Be4 Rd2 34.Qa4 Re2 35.Bd3 Re1 36.c4 Qb2
37.Qa7 Qc1 38.Qxc5 Rg1+ 39.Kh3 Qh6+ 40.Kg4 Qh4+  0-1

[Event "21st TCh-CRO 1a 2012"]
[Site "Sibenik CRO"]
[Date "2012.10.01"]
[Round "9.51"]
[White "Sprenger,J"]
[Black "Avrukh,B"]
[Result "1/2-1/2"]
[WhiteElo "2498"]
[BlackElo "2596"]

1.e4 c5 2.Nf3 e6 3.d4 cxd4 4.Nxd4 Nc6 5.Nc3 Qc7 6.g3 a6 7.Bg2 h5 8.O-O h4
9.Re1 hxg3 10.hxg3 d6 11.Nxc6 bxc6 12.e5 d5 13.Na4 Bb7 14.c4 dxc4 15.Nc3 Ne7
16.Qa4 O-O-O 17.Qxc4 c5 18.Ne4 Nf5 19.Be3 Nxe3 20.Rxe3 Rd4 21.Qc2 c4 22.Rd1 Qxe5
23.Rxd4 Qxd4 24.Qa4 Be7 25.Nd2 Rd8 26.Bxb7+ Kxb7 27.Nxc4 Qd1+ 28.Qxd1 Rxd1+
29.Kg2 Bc5 30.Re2 Rd5 31.f4 Bd4 32.Kf3 Bf6 33.b3 Rd3+ 34.Ke4 Rd4+ 35.Ke3 Rd5
36.Ke4 Rd4+ 37.Ke3 Rd5 38.Ke4  1/2-1/2

[Event "TATA 50th ch-IND National Premier"]
[Site "Kolkata IND"]
[Date "2012.10.02"]
[Round "2.16"]
[White "Sengupta,D"]
[Black "Phadke,So1"]
[Result "1-0"]
[WhiteElo "2539"]
[BlackElo "2247"]

1.e4 c5 2.Nf3 Nc6 3.Nc3 e6 4.d4 cxd4 5.Nxd4 Nf6 6.a3 d5 7.Bb5 Bd7 8.exd5 exd5
9.O-O Be7 10.Nde2 a6 11.Ba4 Na5 12.Bxd7+ Qxd7 13.Bg5 Rd8 14.Nf4 O-O 15.Re1 d4
16.Rxe7 Qxe7 17.Ncd5 Qe5 18.Nxf6+ gxf6 19.Bh6 Kh8 20.Nd3 Qf5 21.Bxf8 Rxf8
22.Qe1 Nc6 23.f4 Rg8 24.Qe2 Nd8 25.Qf3 Ne6 26.Qxb7 Nxf4 27.Nxf4 Qxf4 28.Qxa6 Rg6
29.Qc6 Qe3+ 30.Kh1 Kg7 31.a4 f5 32.Qd5 Qf2 33.a5 f4 34.Rg1 Rh6 35.Qg5+ Rg6
36.Qe5+ Kg8 37.Qf5 Kg7 38.b4 Qd2 39.b5 Qxa5 40.Qxf4 Qxb5 41.Qxd4+ Kg8 42.Re1 Qc6
43.Re2 h6 44.h3 Rf6 45.Rf2 Rxf2 46.Qxf2 h5 47.Qg3+ Kf8 48.Qd3 Qc5 49.c3 f6
50.Qd4 Qe7  1-0

[Event "TCh-Belgrade Premier 2012"]
[Site "Belgrade SRB"]
[Date "2012.10.03"]
[Round "3.4"]
[White "Popovic,AM"]
[Black "Cvetkovic,Sr"]
[Result "1/2-1/2"]
[WhiteElo "2274"]
[BlackElo "2401"]

1.e4 c5 2.Nf3 e6 3.d4 cxd4 4.Nxd4 Nc6 5.Nc3 a6 6.Nxc6 bxc6 7.f4 d5 8.Bd3 Nf6
9.O-O Bb7 10.e5 Nd7 11.f5 exf5 12.Re1 Nc5 13.Bxf5 Bc8 14.Bxc8 Rxc8 15.Qe2 Ne6
16.Na4 Qa5 17.b3 Bb4 18.Rf1 O-O 19.Bb2 Qb5 20.Qg4 c5 21.Rad1 c4 22.Qf3 cxb3
23.cxb3 Rcd8 24.Bd4 Nxd4 25.Rxd4 Bc5 26.Nxc5 Qxc5 27.Qf2 Qe7 28.Re1  1/2-1/2

[Event "TCh-Belgrade Premier 2012"]
[Site "Belgrade SRB"]
[Date "2012.10.04"]
[Round "4.2"]
[White "Jovanovic,Zo1 SCG"]
[Black "Kocic,S"]
[Result "1/2-1/2"]
[WhiteElo "2335"]
[BlackElo "2232"]

1.e4 c5 2.Nf3 e6 3.d4 cxd4 4.Nxd4 Nc6 5.Nc3 Nf6 6.Ndb5 d6 7.Bf4 e5 8.Bg5 a6
9.Na3 b5 10.Bxf6 gxf6 11.Nd5  1/2-1/2

[Event "34th Rashid Nezhmetdinov Cup"]
[Site "Kazan RUS"]
[Date "2012.10.04"]
[Round "9.6"]
[White "Frolyanov,D"]
[Black "Tunik,G"]
[Result "1-0"]
[WhiteElo "2560"]
[BlackElo "2456"]

1.e4 c5 2.Nf3 e6 3.d4 cxd4 4.Nxd4 Nc6 5.Nc3 a6 6.Be2 Nge7 7.Nb3 Ng6 8.O-O Be7
9.Be3 b5 10.a4 b4 11.a5 Rb8 12.Na4 d6 13.Nb6 O-O 14.f4 Bf6 15.Ra2 Bb7 16.Bd3 e5
17.f5 Nf4 18.Bc4 Ne7 19.Bxf4 exf4 20.Qe2 Qc7 21.Bxa6 Bxa6 22.Qxa6 Qxc2 23.Qc4 Qxc4
24.Nxc4 d5 25.Nb6 Rfd8 26.exd5 Nxd5 27.Nxd5 Rxd5 28.Rxf4 Be5 29.Rc4 Rd1+
30.Kf2 Bxh2 31.Ra1 Bg1+ 32.Ke2 Rxa1 33.Nxa1 Kf8 34.Nb3 Ke7 35.Rc7+ Kf6 36.Kd3 Bh2
37.Rd7 Rc8 38.a6 h5 39.Nd4 g5 40.fxg6 fxg6 41.a7 Ra8 42.Nc6 Bg1 43.Rb7 g5
44.Rb8 Rxa7 45.Nxa7 Bxa7 46.Rxb4 Kf5 47.Ke2 g4 48.Rb5+ Kg6 49.g3 Bd4 50.b4 Bc3
51.Kf1 Kf6 52.Kg2 Be1 53.Rb8 h4 54.gxh4 Bxh4 55.b5  1-0

[Event "34th Rashid Nezhmetdinov Cup"]
[Site "Kazan RUS"]
[Date "2012.10.04"]
[Round "9.5"]
[White "Sharafiev,A"]
[Black "Vorobiov,E"]
[Result "0-1"]
[WhiteElo "2414"]
[BlackElo "2594"]

1.e4 c5 2.Nf3 e6 3.d4 cxd4 4.Nxd4 Nc6 5.Nc3 Qc7 6.g3 a6 7.Bg2 d6 8.Nxc6 bxc6
9.O-O Nf6 10.b3 Be7 11.Ba3 Bb7 12.Re1 Nd7 13.Qd2 O-O 14.Rad1 c5 15.Bb2 Rad8
16.Ne2 Ne5 17.Nf4 Rfe8 18.Nh5 Bf8 19.Qg5 Ng6 20.h4 e5 21.f4 f6 22.Qg4 Kh8
23.f5 Ne7 24.c4 Nc6 25.Qh3 Nd4 26.g4 Qf7 27.Ng3 a5 28.g5 a4 29.Rd3 axb3 30.axb3 Ra8
31.Qg4 Ra2 32.g6 Qe7 33.Bxd4 cxd4 34.gxh7 Rea8 35.h5 Bc8 36.Qh4 Qf7 37.Rf1 Be7
38.Qg4 Kxh7 39.Bf3 Bd7 40.Rf2 Rxf2 41.Kxf2 Bd8 42.Kg2 Ra2+ 43.Kh3 Ba5 44.b4 Bd8
45.Bd1 Be8 46.Bb3 Rb2 47.c5 Rxb3 48.Qg6+ Kh8 49.Rxb3 Qg8 50.Ra3 Bxg6 51.fxg6 dxc5
52.bxc5 Be7 53.Ra7 Bxc5 54.Rc7 d3 55.Nf5 d2 56.h6 gxh6 57.Rd7  0-1

[Event "TATA 50th ch-IND National Premier"]
[Site "Kolkata IND"]
[Date "2012.10.05"]
[Round "5.3"]
[White "Deepan,C"]
[Black "Vidit,S"]
[Result "1/2-1/2"]
[WhiteElo "2523"]
[BlackElo "2501"]

1.e4 c5 2.Nf3 e6 3.d4 cxd4 4.Nxd4 Nc6 5.Nc3 Qc7 6.Be3 a6 7.Qd2 Nf6 8.f3 Be7
9.O-O-O O-O 10.g4 b5 11.g5 Nh5 12.Nce2 Rd8 13.Ng3 Nxd4 14.Nxh5 Nxf3 15.Qf2 Ne5
16.Bb6 Qb8 17.Rg1 Ng6 18.Bd3 Rf8 19.e5 Qxe5 20.Bd4 Bxg5+ 21.Kb1 Be3 22.Qxe3 Qxh5
23.Be2 Qh4 24.Rg4 Qd8 25.Bb6 Qf6  1/2-1/2

[Event "Frau Bundesliga Div1 2012-13"]
[Site "Germany GER"]
[Date "2012.10.06"]
[Round "1.2"]
[White "Hoolt,S"]
[Black "Schleining,Z"]
[Result "1/2-1/2"]
[WhiteElo "2308"]
[BlackElo "2340"]

1.e4 c5 2.Nf3 e6 3.d4 cxd4 4.Nxd4 Nc6 5.Nc3 Qc7 6.Be3 a6 7.Be2 Nf6 8.O-O Bb4
9.Na4 Be7 10.Nxc6 bxc6 11.Nb6 Rb8 12.Nxc8 Qxc8 13.Bd4 c5 14.Be5 Rb6 15.b3 O-O
16.Bd3 d6 17.Bc3 d5 18.Ba5 Rc6 19.exd5 Nxd5 20.Qf3 Rd6 21.Rad1 Qd7 22.g3 Bf6
23.Be4 Bd4 24.c3 Qb5 25.Bxd5 Qxa5 26.Be4 Be5 27.b4 Qb6 28.Bxh7+ Kxh7 29.Qh5+ Kg8
30.Qxe5 Rxd1 31.Rxd1 cxb4 32.Rd6 Qb8 33.c4 Rc8 34.Qd4 Qc7 35.c5 Qxc5 36.Rd8+ Kh7
37.Qe4+ f5 38.Qh4+ Kg6 39.Rxc8 Qxc8 40.Qxb4 Qc1+ 41.Kg2 Qc6+ 42.Kg1 Qc1+
43.Kg2 Qc6+  1/2-1/2

[Event "TCh-SWE Elite 2012-13"]
[Site "Malmo SWE"]
[Date "2012.10.06"]
[Round "2"]
[White "Hector,J"]
[Black "Akesson,R"]
[Result "0-1"]
[WhiteElo "2539"]
[BlackElo "2445"]

1.e4 c5 2.Nf3 e6 3.d4 cxd4 4.Nxd4 Nc6 5.Nc3 Qc7 6.f4 a6 7.Nxc6 Qxc6 8.Bd3 b5
9.e5 Bb7 10.Be4 Qc7 11.Qf3 Bxe4 12.Nxe4 Qc6 13.a4 b4 14.O-O f5 15.exf6 Nxf6
16.Nxf6+ gxf6 17.Qh5+ Kd8 18.Be3 f5 19.Rad1 Kc7 20.c3 bxc3 21.bxc3 Rg8 22.Rf2 Bd6
23.Rfd2 Rg7 24.Qe2 Rag8 25.Rxd6 Rxg2+ 26.Kf1 Qxd6 27.Qc4+ Qc6 28.Rd4 Rxh2
29.Qxc6+ dxc6 30.Bf2 Rd8 31.Rc4 a5 32.Bd4 Rd5 33.Kg1 Rc2  0-1

[Event "TCh-NED Meesterklasse 2012-13"]
[Site "Netherland NED"]
[Date "2012.10.06"]
[Round "2.9"]
[White "Van Kerkhof,D"]
[Black "Muhren,B"]
[Result "1/2-1/2"]
[WhiteElo "2287"]
[BlackElo "2307"]

1.e4 c5 2.Nf3 e6 3.d4 cxd4 4.Nxd4 Nc6 5.Nc3 Qc7 6.g3 a6 7.Bg2 d6 8.O-O Bd7
9.Re1 Be7 10.Nxc6 bxc6 11.Na4 e5 12.c4 Nf6 13.b3 O-O 14.Bb2 Be6 15.Rc1 Nd7
16.Qc2 Nc5 17.Nxc5 dxc5 18.Qc3 f6 19.Qe3 Rad8 20.Bc3 Rd7 21.Red1 Rfd8 22.Bf3 Rxd1+
23.Bxd1 Rd7 24.Be2 Qd8 25.Rf1 Bh3 26.Re1 Be6 27.Kg2 Bd6 28.Bd1 Bc7 29.Bc2 Ba5
30.Re2 Bxc3 31.Qxc3 Rd4 32.f4 Bg4 33.Rf2 Qc7 34.f5 Qd8 35.h3 Bd1 36.Bb1 Bh5
37.g4 Bf7 38.Bc2 h5 39.Kf1 Kf8 40.Rg2 hxg4 41.hxg4 Ke7 42.g5 Qh8 43.g6 Qh1+
44.Rg1 Qh6 45.Rg2 Qc1+ 46.Qe1 Qxe1+ 47.Kxe1 Be8 48.Rh2 Rd7 49.Rh8 Kd8 50.Rg8 Re7
51.Kd2 Kc7 52.Kc3 a5 53.Rf8 Kb7 54.Bd1 Kc7 55.a3 Kb6 56.Bc2 Kc7 57.b4 axb4+
58.axb4 Kb6 59.Ba4 cxb4+ 60.Kxb4 c5+ 61.Kb3 Bxa4+ 62.Kxa4 Ra7+ 63.Kb3 Ka6
64.Rf7 Kb6 65.Kb2 Rb7 66.Kc2 Ka6 67.Kc3 Ka7 68.Kd3 Kb6  1/2-1/2

[Event "St Petersburg Rapid Cup 2012"]
[Site "St Petersburg RUS"]
[Date "2012.10.06"]
[Round "5.5"]
[White "Inarkiev,E"]
[Black "Movsesian,S"]
[Result "0-1"]
[WhiteElo "2683"]
[BlackElo "2699"]

1.e4 c5 2.Nf3 e6 3.d4 cxd4 4.Nxd4 Nc6 5.Nc3 a6 6.Nxc6 bxc6 7.Bd3 d5 8.O-O Nf6
9.Re1 Be7 10.e5 Nd7 11.Qg4 g6 12.Bh6 Rb8 13.b3 Bb4 14.Bd2 O-O 15.h4 Be7 16.h5 Rb4
17.Qe2 Rh4 18.hxg6 fxg6 19.g3 Bc5 20.gxh4 Qxh4 21.Be3 Nxe5 22.Bxc5 Nf3+ 23.Qxf3 Rxf3
24.Kf1 e5 25.Rxe5 Bg4 26.Re8+ Kg7 27.Ne2 Rh3 28.Re3 Rxe3 29.Bxe3 Qh1+ 30.Ng1 Bf3
31.Bd4+ Kf7 32.b4 h5 33.Ke1 Qxg1+ 34.Kd2 Qg5+ 35.Be3 Qg4 36.c3 h4 37.Bxa6 h3
38.a4 h2 39.a5 Qg1 40.Rxg1 hxg1=Q 41.Bd4 Qd1+ 42.Ke3 Be4 43.Bc5  0-1

[Event "12th Winterthurer Schachwoche"]
[Site "Winterthur SUI"]
[Date "2012.10.06"]
[Round "1"]
[White "Ulibin,M"]
[Black "Gorse,G"]
[Result "1-0"]
[WhiteElo "2529"]
[BlackElo "2089"]

1.Nf3 c5 2.e4 e6 3.d4 cxd4 4.Nxd4 Nc6 5.Nc3 d6 6.Be3 Nf6 7.f4 e5 8.fxe5 Ng4
9.Bg1 Ngxe5 10.Qd2 Be6 11.O-O-O a6 12.Nf5 Bxf5 13.exf5 Qa5 14.Kb1 O-O-O 15.Be2 Be7
16.Be3 h6 17.h4 Rhe8 18.g4 Kb8 19.Nd5 Qxd2 20.Rxd2 Bf8 21.Rhd1 Nd7 22.g5 Re5
23.Bf4 Re4 24.Bf3 Ree8 25.gxh6 gxh6 26.Rg2 Nce5 27.Bh5 Rc8 28.b3 Rc5 29.c4 b5
30.Be3 Rcc8 31.cxb5 axb5 32.Be2 Nc6 33.Bxb5 Nf6 34.Nxf6 Rxe3 35.Bxc6  1-0

[Event "TCh-Belgrade Premier 2012"]
[Site "Belgrade SRB"]
[Date "2012.10.07"]
[Round "6.1"]
[White "Dakic,D"]
[Black "Mitic,M"]
[Result "1/2-1/2"]
[WhiteElo "2037"]
[BlackElo "2270"]

1.e4 c5 2.Nc3 e6 3.Nf3 Nc6 4.d4 cxd4 5.Nxd4 d6 6.Bc4 Nf6 7.Bb3 Be7 8.Be3 O-O
9.O-O Na5 10.f4 Nxb3 11.axb3  1/2-1/2

[Event "TCh-HUN 2012-13"]
[Site "Dunaharaszti HUN"]
[Date "2012.10.07"]
[Round "2"]
[White "Mihok,O"]
[Black "Farago,I"]
[Result "1/2-1/2"]
[WhiteElo "2435"]
[BlackElo "2486"]

1.e4 c5 2.Nf3 e6 3.d4 cxd4 4.Nxd4 Nc6 5.Nc3 a6 6.Nxc6 bxc6 7.Bd3 d5 8.O-O Nf6
9.Qe2 Be7 10.b3 O-O 11.Bb2 Bb7 12.Kh1 Nd7 13.Na4 c5 14.f4 c4 15.bxc4 dxe4
16.Bxe4 Bxe4 17.Qxe4 Bf6 18.Rad1 Qa5 19.Rxd7 Qxa4 20.Rb7 Bxb2 21.Rxb2 Rac8
22.f5 Rxc4 23.Qf3 exf5 24.Qxf5 g6 25.Qf6 Rc6  1/2-1/2

[Event "12th Winterthurer Schachwoche"]
[Site "Winterthur SUI"]
[Date "2012.10.08"]
[Round "3"]
[White "Gaehwiler,G"]
[Black "Wyss,T"]
[Result "1-0"]
[WhiteElo "2284"]
[BlackElo "2258"]

1.e4 c5 2.Nf3 e6 3.d4 cxd4 4.Nxd4 Nc6 5.Nc3 Qc7 6.g3 a6 7.Bg2 Nf6 8.O-O Nxd4
9.Qxd4 Bc5 10.Bf4 d6 11.Qd2 h6 12.Rad1 e5 13.Be3 Be6 14.Bxc5 dxc5 15.Nd5 Bxd5
16.exd5 Qd6 17.f4 O-O 18.fxe5 Qxe5 19.c4 Qd6 20.Rde1 Rfe8 21.Qf4 Qxf4 22.gxf4 Rxe1
23.Rxe1 Re8 24.Rd1 Rd8 25.d6 b6 26.Bb7 a5 27.Bc6 Kf8 28.Bb5 Ne4 29.d7 f5
30.Rd5 g6 31.Re5 Nf6 32.Re6 Kf7 33.Rxb6 Nxd7 34.Rd6 Ke7 35.Rxg6 Nf6 36.Rg7+ Ke6
37.Rc7 Rd1+ 38.Kg2 Rd2+ 39.Kf3 Rxh2 40.Rc6+ Kf7 41.Rxc5 Kg6 42.Ba6 Rxb2 43.Bc8 Rxa2
44.Bxf5+ Kf7 45.Rc7+ Ke8 46.Ke3 a4 47.Ra7 Ra1 48.Kd4 Kd8 49.c5 Rd1+ 50.Ke5 Nd7+
51.Bxd7 Rxd7 52.Rxa4 Rd1 53.Rd4+ Rxd4 54.Kxd4  1-0

[Event "TATA 50th ch-IND National Premier 2012"]
[Site "Kolkata IND"]
[Date "2012.10.09"]
[Round "8.3"]
[White "Gopal,G"]
[Black "Satyapragyan,S"]
[Result "1-0"]
[WhiteElo "2544"]
[BlackElo "2456"]

1.e4 c5 2.Nf3 e6 3.d4 cxd4 4.Nxd4 Nc6 5.Nc3 d6 6.g4 h6 7.h4 Be7 8.Be3 Nf6
9.Rg1 h5 10.gxh5 Nxh5 11.Be2 g6 12.Qd2 a6 13.O-O-O Bd7 14.f4 Qc7 15.f5 Ne5
16.Bg5 Bxg5 17.hxg5 O-O-O 18.f6 Kb8 19.Nb3 Qb6 20.Kb1 Bc6 21.Nd4 Bd7 22.Nb3 Bc6
23.Nd4 Bd7 24.a3 Rc8 25.Nf3 Nxf3 26.Bxf3 Rc6 27.e5 d5 28.Ne2 Qc7 29.Nd4 Qxe5
30.Nxc6+ Bxc6 31.Rh1 Ka8 32.Rh3 Qf5 33.Rdh1 Rc8 34.Bxh5 gxh5 35.Rxh5 Ba4
36.Rh8 Bxc2+ 37.Ka2 Rxh8 38.Rxh8+ Ka7 39.Qd4+ b6 40.Qc3 a5 41.Qc6  1-0

[Event "TATA 50th ch-IND National Premier 2012"]
[Site "Kolkata IND"]
[Date "2012.10.09"]
[Round "8.2"]
[White "Sengupta,D"]
[Black "Swapnil,SD"]
[Result "1/2-1/2"]
[WhiteElo "2539"]
[BlackElo "2459"]

1.e4 c5 2.Nf3 e6 3.d4 cxd4 4.Nxd4 Nc6 5.Nc3 Qc7 6.Be3 a6 7.Qf3 b5 8.Nxc6 Qxc6
9.Bd3 Bb7 10.Bd4 d6 11.Qe2 Qc7 12.a4 b4 13.Na2 e5 14.Be3 d5 15.Bd2 dxe4 16.Bxe4 Bxe4
17.Qxe4 Rb8 18.Nxb4 Bxb4 19.Bxb4 Nf6 20.Qh4 Qxc2 21.Ba3 Qe4+ 22.Qxe4 Nxe4
23.Rc1 Kd7 24.O-O Rhc8 25.Rfd1+ Ke8 26.Rxc8+ Rxc8 27.Re1 f6 28.f4 f5 29.fxe5 Kd7
30.h3 Ke6 31.Rd1 Kxe5 32.Rd7 Rc1+ 33.Kh2 f4 34.Re7+ Kf5 35.Rf7+ Ke5 36.Re7+ Kd5
37.Rd7+ Ke5 38.Re7+ Kd5  1/2-1/2

[Event "TATA 50th ch-IND National Premier 2012"]
[Site "Kolkata IND"]
[Date "2012.10.10"]
[Round "9.6"]
[White "Deepan,C"]
[Black "Adhiban,Baskaran"]
[Result "0-1"]
[WhiteElo "2523"]
[BlackElo "2564"]

1.e4 c5 2.Nf3 e6 3.d4 cxd4 4.Nxd4 Nc6 5.Nc3 Qc7 6.Be3 a6 7.Qd2 Nf6 8.f3 Bb4
9.O-O-O O-O 10.g4 b5 11.g5 Nh5 12.a3 Be7 13.Nce2 Na5 14.Qc3 Qxc3 15.Nxc3 Bb7
16.Kb1 Rac8 17.Nb3 Nxb3 18.Rxd7 Bc5 19.Rxb7 Bxe3 20.cxb3 Bxg5 21.a4 bxa4
22.bxa4 Rc6 23.Ra7 Rb8 24.Ka2 Rcb6 25.Nd1 Rd6 26.Bxa6 Rbd8 27.Nc3 Be3 28.e5 Rc6
29.Rd1 Rf8 30.Rdd7 Bxa7 31.Rxa7 Rc5 32.Bb7 Nf4 33.a5 Nd3 34.Ka3 Rb8 35.Na4 Rb5
36.a6 Nxe5 37.b3 Nxf3 38.Nc3 Ra5+ 39.Kb2 Ne5 40.b4 Nd3+ 41.Kb3 Nxb4 42.Kxb4 Rxa6
43.Rxa6 Rxb7+ 44.Kc4 g5 45.Kd4 Kg7 46.Ne4 h6 47.Ke3 Kg6 48.Kf3 Rb3+ 49.Kg2 Re3
50.Ng3 h5 51.Kf2 Rb3 52.Ra8 Rb2+ 53.Ne2 h4 54.Ke3 Rb3+ 55.Kf2 Rb2 56.Ke3 Rb1
57.Kf2 Rd1 58.Ra5 f5 59.Ra8 Kf6 60.Rf8+ Ke5 61.Rg8 g4 62.Rh8 h3 63.Ra8 Rh1
64.Ra5+ Kf6 65.Kg3 Rf1 66.Nd4 Rg1+ 67.Kh4 Rd1 68.Ne2 Rd2 69.Nf4 Rxh2 70.Ra6 Rf2
71.Nxe6 h2 72.Nc5+ Ke7 73.Ra1 Rf3 74.Re1+ Kd6  0-1

[Event "12th Winterthurer Schachwoche"]
[Site "Winterthur SUI"]
[Date "2012.10.10"]
[Round "5"]
[White "Ulibin,M"]
[Black "Gleizerov,E"]
[Result "1/2-1/2"]
[WhiteElo "2529"]
[BlackElo "2564"]

1.e4 c5 2.Nf3 Nc6 3.Nc3 e6 4.d4 cxd4 5.Nxd4 Nf6 6.Ndb5 d6 7.Bf4 e5 8.Bg5 a6
9.Na3 b5 10.Nd5 Qa5+ 11.Bd2 Qd8 12.Bg5 Qa5+ 13.Bd2 Qd8 14.Bg5 Qa5+  1/2-1/2

[Event "28th European Club Cup"]
[Site "Eilat ISR"]
[Date "2012.10.11"]
[Round "1.4"]
[White "Gonzalez de la Torre,S"]
[Black "Matlakov,M"]
[Result "0-1"]
[WhiteElo "2442"]
[BlackElo "2665"]

1.e4 c5 2.Nf3 Nc6 3.d4 cxd4 4.Nxd4 e6 5.Nc3 Qc7 6.Be3 a6 7.Qd2 Nf6 8.O-O-O Bb4
9.f3 Ne7 10.Nde2 b5 11.g4 h6 12.Qe1 Bc5 13.Nd4 d5 14.exd5 Nfxd5 15.Nxd5 Nxd5
16.Bf2 O-O 17.Kb1 Bb7 18.Bd3 Nf4 19.Be4 Rfd8 20.Bg3 Rxd4 21.Rxd4 Bxd4 22.Bxf4 Qxf4
23.Bxb7 Rb8 24.Qe4 Qd2 25.Bxa6 Bf6 26.f4 Qd6 27.Bb7 Qb6 28.Ba8 Rd8 29.Rc1 Qb8
30.Bc6 Rd4 31.Qe3 Rxf4 32.h3 Rc4 33.Qf3 Qe5 34.Qb3 Rxc6  0-1

[Event "28th European Club Cup"]
[Site "Eilat ISR"]
[Date "2012.10.11"]
[Round "1.16"]
[White "Hamiti,Gani"]
[Black "Lehtioksa,J"]
[Result "0-1"]
[WhiteElo "2144"]
[BlackElo "2179"]

1.e4 c5 2.Nf3 e6 3.d4 cxd4 4.Nxd4 Nc6 5.Nc3 Qc7 6.Be3 a6 7.Bd3 b5 8.Nxc6 Qxc6
9.O-O Nf6 10.a3 Bb7 11.Bd4 Bc5 12.Bxc5 Qxc5 13.Qe2 d6 14.Kh1 e5 15.Rad1 O-O
16.Nb1 d5 17.f3 Rfe8 18.Nd2 Rac8 19.b4 Qb6 20.Nb3 Rc3 21.Rfe1 dxe4 22.fxe4 Bc8
23.h3 Be6 24.Qd2 Rec8 25.Nc5 Rxa3 26.Ra1 Rxa1 27.Rxa1 Ra8 28.Qg5 Nd7 29.Nxd7 Bxd7
30.Qxe5 Rc8 31.Rf1 Be6 32.Rf3 Qd8 33.Qf4 Qd4 34.Qd2 Rd8 35.Kh2 Qxe4 36.Qg5 Qd5
37.Qh4 g6 38.Qf6 Qd4 39.Qe7 Qd6+ 40.Qxd6 Rxd6 41.Rf4 Kg7 42.Kg3 f5 43.Rf1 Rd4
44.Ra1 Bc8 45.Rb1 Bb7 46.Kf2 Kf6 47.g3 h5 48.Ke3 Ke5 49.c3 Rxd3+  0-1